书目信息 |
| 题名: |
食品真相大揭秘
|
|
| 作者: | 安部司 著 | |
| 分册: | ||
| 出版信息: | 天津 天津教育出版社 2008 |
|
| 页数: | 165页 | |
| 开本: | 24cm | |
| 丛书名: | ||
| 单 册: | ||
| 中图分类: | TS202.3 | |
| 科图分类: | ||
| 主题词: | 食品添加剂--关系--健康 , 食品添加剂 , 健康 | |
| 电子资源: | ||
| ISBN: | 978-7-5309-5434-8 | |
| 000 | 00863nam0 2200277 45 | |
| 001 | 1050647562 | |
| 005 | 20100420100344.54 | |
| 010 | @a978-7-5309-5434-8@dCNY25.00 | |
| 100 | @a20100408e2008 em y0chiy0120 ea | |
| 101 | 1 | @achi@cjpn |
| 102 | @aCN@b120000 | |
| 105 | @ay z 000yy | |
| 106 | @ar | |
| 200 | 1 | @a食品真相大揭秘@AShi Pin Zhen Xiang Da Jie Mi@f(日)安部司著@F( Ri ) An Bu Si Zhu |
| 205 | @a2版 | |
| 210 | @a天津@c天津教育出版社@d2008 | |
| 215 | @a165页@d24cm | |
| 300 | @a新经典健康馆(015) 人民日报社主办 | |
| 330 | @a全书分7章,内容包括:大量使用添加剂的加工食品、餐桌上的调味料被换成了“假货”、如何与添加剂相处等。 | |
| 606 | 0 | @a食品添加剂@x关系@x健康 |
| 606 | 0 | @a食品添加剂 |
| 606 | 0 | @a健康 |
| 690 | @aTS202.3@v4 | |
| 701 | 0 | @a安部司@AAn Bu Si@4著 |
| 801 | 0 | @aCN@bTANGWEI@c20100420 |
| 905 | @b0589058-62@dTS202.3@e126=2@f5 | |
| 食品真相大揭秘/(日)安部司著.-2版.-天津:天津教育出版社,2008 |
| 165页;24cm |
| 新经典健康馆(015) 人民日报社主办 |
| ISBN 978-7-5309-5434-8:CNY25.00 |
| 全书分7章,内容包括:大量使用添加剂的加工食品、餐桌上的调味料被换成了“假货”、如何与添加剂相处等。 |
| ● |
| 相关链接 |
|
|
|
|
正题名:食品真相大揭秘
索取号:TS202.3/126=2
 
预约/预借
| 序号 | 登录号 | 条形码 | 馆藏地/架位号 | 状态 | 备注 |
| 1 | 0589058 | 205890589 | 第二样本阅览室/ [索取号:TS202.3/126=2] | 在馆 | |
| 2 | 0589059 | 205890598 | 第三借阅区/ [索取号:TS202.3/126=2] | 在馆 | |
| 3 | 0589060 | 205890605 | 第三借阅区/ [索取号:TS202.3/126=2] | 在馆 | |
| 4 | 0589061 | 205890614 | 第三借阅区/ [索取号:TS202.3/126=2] | 在馆 | |
| 5 | 0589062 | 205890623 | 第三借阅区/ [索取号:TS202.3/126=2] | 在馆 |